Geographic Antonyms Quiz - Statistics

General Stats
  • This quiz has been taken 438 times
    420 since last reset
  • The average score is 11 of 18
Answer Stats
Word Opposite % Correct
East West
100%
Export Import
96%
North Pole South Pole
96%
Longitude Latitude
90%
Rural Urban
90%
Democrat Republican
85%
Duchess Duke
83%
Mountain Valley
73%
Immigration Emigration
72%
Modern (time) Ancient
63%
Mainland Island
63%
Communism Capitalism
58%
Foreign Domestic
46%
Prime Meridian Equator
40%
Windward Leeward
32%
Source (river) Mouth
30%
Coastal Landlocked
16%
Meridian Parallel
7%
No matching quizzes found
Score Distribution
Percent of People with Each Score
Percentile by Number Answered
Your Score History
You have not taken this quiz since the last reset